Readings in applied English linguistics

Đã lưu trong:
書目詳細資料
主要作者: Harold B Allen
格式: 圖書
語言:Undetermined
出版: New York Appleton-Century-Crofts 1964
主題:
標簽: 添加標簽
沒有標簽, 成為第一個標記此記錄!
Thư viện lưu trữ: Trung tâm Học liệu Trường Đại học Cần Thơ
LEADER 00524nam a2200181Ia 4500
001 CTU_43981
008 210402s9999 xx 000 0 und d
082 |a 808.042 
082 |b A426 
100 |a Harold B Allen 
245 0 |a Readings in applied English linguistics 
245 0 |c Harold B Allen 
260 |a New York 
260 |b Appleton-Century-Crofts 
260 |c 1964 
650 |a english language - rhetoric,technical writing 
904 |i Minh, 011017 
980 |a Trung tâm Học liệu Trường Đại học Cần Thơ